1950 1504 1761 1535 1487 1692 1424 1864 1951 1564 1126 1284 1420 1658 1775 1618 1686 1314 1535 1213 1305 1150 1915 1704 1437 1181 1900 1310 1357 1819 1332 1856 1560 1464 1018 1117 1582 1052 1281 1361 1024 1281 1007 1243 1559 1497 1500 1910 1523 1154 1050 1866 1540 1128 1675 1540 1032 1624 1412 1405 1930 1863 1254 1488 1146 1319 1915 1829 1102 1276 1447 1477 1637 1518 1968 1019 1825 1325 1654 1856 1456 1997 1359 1826 1782 1239 1919 1708 1817 1603 1149 1680 1504 1052 1819 1959 1083 1646 1780 BCNSPRNW ULIB Ver.6.0+V

เปลี่ยนเป็นภาษาไทย

Change to English
 แสดงรายละเอียดบรรณานุกรม
  กลับหน้าหลัก

Brief Record : Get Marc (ISO 2709) : E-mail record : QR code < ปิดหน้าต่าง
LEADER : 00000nam 2200000uu 4500
001    13399111394
003     ULIB
008    110623s||||||||th 000 0 tha d
020    9749461630 (ล.2)
020    9789749461631
050  4 BQ336^bต398ค ล.2 2551
100 0  นัท ฮันห์,^cติช
245 10 คือเมฆสีขาว ทางก้าวเก่าแก่ เล่ม2/^cติช นัท ฮันห์, เขียน ; รสนา โตสิตระกูล, สันติสุข โสภณสิริ, แปล
250    พิมพ์ครั้งที่ 4
260    กรุงเทพฯ :^bมูลนิธิโกมลคีมทอง,^c2551
300    3 เล่ม :^bภาพประกอบ ;^c21 ซม.
650  7 พระพุทธเจ้า
700 0  รสนา โตสิตระกูล,^eผู้แปล
700 0  สันติสุข โสภณสิริ,^eผู้แปล
945    ^p180^l0^i024880
995    ทศพร
999 ^a ใช้งานได้ทุกระบบ
รายการนี้ยังไม่มีแท็ก
คุณยังไม่ได้ล็อกอิน คุณสามารถมีกิจกรรมร่วมกับเว็บไซต์ได้ แต่ต้องล็อกอินก่อน ::
  ล็อกอิน

รายการสื่อสารสนเทศ

ลำดับที่ ประเภท เลขเรียก/บาร์โค้ด สถานที่ สถานะ
- ไม่พบข้อมูล -

รายการใกล้เคียง
    หัวเรื่อง [พระพุทธเจ้า]

BibComment


ยังไม่เคยถูกคอมเมนท์

คอมเมนท์ทรัพยากรรายการนี้
  คอมเมนท์: คือเมฆสีขาว ทางก้..


 Copyright 2026. Bcnsprnw @Library